Chrono-Logique: Seconde Guerre mondiale - Statistiques

Statistiques générales
  • Ce quiz a été pris 6 645 fois
  • Le résultat moyen est 6 sur 14
Réponses sur la Carte
Les réponses sont colorées sur une échelle allant du rouge au vert en fonction du pourcentage des utilisateurs qui les ont devinées à leur premier essai. Vous pouvez retrouver ces pourcentages ci-dessous.
 
Statistiques - réponses
Réponse % Correct
L'Allemagne envahit la Pologne
89%
Bombardements atomiques de Hiroshima et Nagasaki
57%
Capitulation du Japon
57%
Capitulation de l'Allemagne
50%
Bataille de France (1)
50%
Attaque de Pearl Harbor
48%
Débarquement de Normandie
48%
Bataille de Stalingrad
35%
L'Allemagne envahit l'Union Soviétique
34%
Évacuation de Dunkerque
30%
Bataille d'Angleterre
29%
Capitulation de l'Italie
27%
Bataille des Ardennes
24%
Bataille de Midway
18%
Aucun quiz correspondant
Distribution des résultats
% des personnes avec chaque résultat
Percentile par nombre de réponses
Votre historique - résultats
Vous n’avez pas pris ce quiz